Statistics for Top 10 at every position in the NFL

Click here to take the quiz!

General Stats

  • This quiz has been taken 19 times
  • The average score is 47 of 100

Answer Stats

HintAnswer% Correct
QBPatrick Mahomes
100%
QBTom Brady
100%
QBAaron Rodgers
86%
CBJ.C. Jackson
86%
QBJoe Burrow
86%
DTJonathan Allen
86%
QBJosh Allen
86%
DTAaron Donald
79%
DTChris Jones
79%
RBChristian McCaffrey
79%
WRCooper Kupp
79%
RBDalvin Cook
79%
LBDeion Jones
79%
RBDerrick Henry
79%
SHarrison Smith
79%
TEHunter Henry
79%
QBKyler Murray
79%
LBRoquan Smith
79%
QBRussell Wilson
79%
QBDak Prescott
71%
WRDavante Adams
71%
WRJa'maar Chase
71%
SJamal Adams
71%
OLJason Kelce
71%
RBJoe Mixon
71%
QBJustin Herbert
71%
DTLeonard Williams
71%
RBNick Chubb
71%
WRStefon Diggs
71%
TETravis Kelce
71%
OLTrent Williams
71%
WRTyreek Hill
71%
WRD.K. Metcalf
64%
CBJalen Ramsey
64%
DEJJ Watt
64%
RBJonathan Taylor
64%
TEMark Andrews
64%
LBT.J. Watt
64%
CBTre'Davious White
64%
RBAlvin Kamara
57%
TEDarren Waller
57%
WRJustin Jefferson
57%
WRMichael Thomas
57%
RBNajee Harris
57%
RBAustin Ekeler
50%
WRDeandre Hopkins
50%
WRDeebo Samuel
50%
TEGeorge Kittle
50%
DEJoey Bosa
50%
QBKirk Cousins
50%
DENick Bosa
50%
SDerwin James
43%
RBJames Conner
43%
DEKhalil Mack
43%
SBudda Baker
36%
TEDallas Goedert
36%
LBDarius Leonard
36%
CBJaire Alexander
36%
SJustin Simmons
36%
DEChase Young
29%
CBDarius Slay
29%
LBDemario Davis
29%
CBMarlon Humphrey
29%
CBMarshon Lattimore
29%
SMinkah Fitzpatrick
29%
OLQuenton Nelson
29%
CBStephon Gilmore
29%
TET.J. Hockenson
29%
STyrann Mathieu
29%
CBXavien Howard
29%
DTCameron Heyward
21%
DECameron Jordan
21%
OLDavid Bakhtiari
21%
CBDenzel Ward
21%
LBFred Warner
21%
DTKenny Clark
21%
SKevin Byard
21%
TEKyle Pitts
21%
LBLavonte David
21%
DEMyles Garrett
21%
TENoah Fant
21%
OLTerron Armstead
21%
DEVon Miller
21%
OLZack Martin
21%
LBBobby Wagner
14%
DTDeForest Buckner
14%
LB
Dont’a Hightower
14%
LBEric Kendricks
14%
SJessie Bates
14%
TEMike Gesicki
14%
DTVita Vea
14%
SAdrian Amos
7%
OLCorey Linsley
7%
DEDanielle Hunter
7%
DTGrady Jarrett
7%
OLRonnie Stanley
7%
OLRyan Ramczyk
7%
DEShaquil Barrett
7%
DTStephon Tuitt
7%
OLTristan Wirfs
7%

Score Distribution

Percentile by Number Answered

Percent of People with Each Score

Your Score History

You have not taken this quiz